| 000 | 00498nam a22001577a 4500 | ||
|---|---|---|---|
| 020 | _qHard Cover. | ||
| 082 | _a621.3 | ||
| 100 | _aQasim, Anisa | ||
| 245 |
_aHierarchical Modulation for Power Efficient Radio Over fiber Systems _cAnisa Qasim |
||
| 260 |
_aIslamabad : _bCEME - NUST, |
||
| 300 |
_ax, 64 p. : ill. ; _c30cm. |
||
| 650 |
_aElectrical Engineering-MS-Thesis _916073 |
||
| 700 |
_aDr. Usman Ali. _931516 |
||
| 942 |
_2ddc _cTHE |
||
| 999 |
_c540664 _d540664 |
||